Lei do inquilinato

Bibliographic Details
Main Author: Barboza, Heloisa Helena
Other Authors: Ferreira Cardoso Neves, Thiago, Calmon Nogueira da Gama, Guilherme
Format: eBook
Language:Portuguese
Published: Indaiatuba: Editora Foco, 2021
Subjects:
Online Access:Acceso restringido

MARC

LEADER 00000nam a22000007a 4500
005 20220503235144.0
007 cr|||| ||||
008 220503s2021 br |||||s|||| 00||0 por d
020 |a 978-65-5515-299-9 
035 |a 36260 
040 |a vLex 
090 |c 13269  |d 13269 
100 1 |a Barboza, Heloisa Helena 
245 1 0 |a Lei do inquilinato  |h [Recurso electrn̤ico] /  |c Heloisa Helena Barboza, Thiago Ferreira Cardoso Neves, Guilherme Calmon Nogueira da Gama 
256 |a Servicio en ln̕ea 
260 |a Indaiatuba:  |b Editora Foco,  |c 2021 
300 |a 1 recurso electrn̤ico 
506 1 |a Disponible solo en los productos indicados  |d vLex Global  |d vLex Global (Academic Edition, excluding Law Schools)  |d vLex Global (U.S. Academic Edition, Law Schools)  |d vLex Global (U.S. Academic Edition, excluding Law Schools)  |d vLex Global (Academic Edition, Law Schools) 
650 0 4 |a Derecho Civil  |z Brasil 
700 1 |a Ferreira Cardoso Neves, Thiago 
700 1 |a Calmon Nogueira da Gama, Guilherme 
740 0 |a vLex Libros (Servicio en ln̕ea) 
856 4 0 |u https://app.vlex.com/#/sources/36260  |z Acceso restringido 
942 |c BOOK 
999 0 |a Civil Law